000 00429nam a2200193Ia 4500
005 20240823041107.0
008 240823s9999||||xx |||||||||||||| ||und||
020 _a978-81-7806-110-4
041 _aENGLISH
082 _A828.9954 P9
100 _aJoel lyall
245 0 _aJuggle tales
250 _a1st
260 _c2009
_bUnicorn
500 _aYES
650 _aJuggle tales
_bGeneral
942 _cBK
999 _c204669
_d204669